000 00828nam a2200217Ii 4500
003 JO-AjNU
008 230605s9999||||xx |||||||||||||| ||und||
017 _a1980/3212
020 _a977-247-7330-47-2
040 _aJO-AjNU
_bara
_erda
_cJO-AjNU
041 _aara
050 1 4 _aN345.T3736 1980
100 3 _aالألفي، أبو صالح أحمد تأليف/الشال،محمود م.مشارك/ حسين،محمد م.مشارك/ البسيوني،محمود م.مشارك ,
_eauthor
_97872
245 0 0 _a التربية الفنية لدور المعلمين و المعلمات
264 3 1 _aالقاهرة: دار المعارف ،1980
300 _a158ص
336 _atext
_btxt
_2rdacontent
337 _aunmediated
_bn
_2rdamedia
338 _avolume
_bnc
_2rdacarrier
650 4 _aالتربية الفنية
_97873
999 _aA499
_c4067
_d4067